000 00421nam a22001817a 4500
003 OSt
008 220823b ||||| |||| 00| 0 eng d
020 _a9789332585607
082 _a004.22
_bMAC
100 _aMANO,Morris M
245 _aComputer System Architecture
250 _a3rd
_b20th Imp.
260 _aNoida
_bPearson
_c2022
300 _a586
650 _aBCA DS
700 _aMALL, Rajib
942 _2ddc
_cBK
999 _c12994
_d12994